Authority and the teacher
محفوظ في:
| المؤلف الرئيسي: | |
|---|---|
| التنسيق: | كتاب |
| اللغة: | الإنجليزية |
| منشور في: |
Bloomsbury Academic
2014
|
| الوسوم: |
إضافة وسم
لا توجد وسوم, كن أول من يضع وسما على هذه التسجيلة!
|
MARC
| LEADER | 00000nam a22000007a 4500 | ||
|---|---|---|---|
| 008 | 210809b ||||| |||| 00| 0 eng d | ||
| 020 | |a 9781472529848 | ||
| 100 | |a KITCHEN, Williams H. | ||
| 245 | |a Authority and the teacher |c Williams H. Kitchen |g xv, 202p. | ||
| 260 | |b Bloomsbury Academic |c 2014 |h London |i 696856 |i 696857 |l LB1033.K65 |m Teacher-student relationship |m Education - Philosophy |m Authority | ||
| 500 | |a It includes bibliography and index | ||
| 942 | |a lcc |c BK |e Kuteyi, M. A. |f 9/8/2021 | ||
| 952 | |0 0 |1 0 |2 lcc |4 0 |6 LB1033 K65 |7 0 |9 2962 |a HOL |b ED |c LP |d 2021-08-09 |l 0 |o LB1033.K65 |p 2021-66638 |r 2021-08-09 00:00:00 |w 2021-08-09 |y BK | ||
| 952 | |0 0 |1 0 |2 lcc |4 0 |6 LB1033 K65 |7 0 |9 2963 |a HOL |b HOL |c LP |d 2021-08-09 |l 0 |o LB1033.K65 |p 2021-66639 |r 2021-08-09 00:00:00 |w 2021-08-09 |y BK | ||
| 999 | |c 1500 |d 1500 | ||